Detalles MARC
| 000 -LIDER |
| fixed length control field |
00920nam a22003137b 4500 |
| 001 - NÚMERO DE CONTROL |
| Identificador de número de control |
012233 |
| 003 - IDENTIFICACDOR DE NÚMERO DE CONTROL |
| control field |
DO-SdBPM |
| 005 - DATE AND TIME OF LATEST TRANSACTION |
| control field |
20250514082418.0 |
| 007 - CAMPOS FIJOS DE DESCRIPCIÓN FÍSICA |
| fixed length control field |
012233 |
| 008 - ELEMENTOS DE LONGITUD FIJA |
| fixed length control field |
990512s1998 sp | ||| ||spa |
| 016 7# - NO. DE CONTROL DE LA AGENCIA BIB. NACIONAL |
| Record control number |
|
| Source |
BPMSU |
| 017 ## - NÚMERO DE REGISTRO DE DERECHOS DE AUTOR |
| Copyright or legal deposit number |
|
| Assigning agency |
|
| 020 ## - ISBN |
| International Standard Book Number |
8420457868 |
| 035 ## - NÚMERO LOCAL |
| System control number |
|
| 040 ## - FUENTE DE CATALOGACIÓN |
| Agencia que crea de manera original el registro |
DO-SdBPM |
| Idioma de catalogación |
spa |
| Agencia que realiza la transcripción |
BPMSU |
| Convenciones de la despripción |
|
| 082 #4 - NÚMERO DE CLASIFICACIÓN DECIMAL DE DEWEY |
| Classification number |
863.6 |
| Item number |
L747m 1998 |
| Edition number |
22 |
| 100 1# - ASIENTO PRINCIPAL -- NOMBRE PERSONAL |
| Nombre personal |
Lindo, Elvira |
| Fechas asociadas con el nombre |
1962- |
| 245 10 - MENCIÓN DE TITULO |
| Título |
Manolito on the road / |
| Mención de responsabilidad |
Elvira Lindo ; ilustraciones de Emilio Urberuaga |
| Medio (Designación general de material) |
|
| 260 ## - PUBLICACIÓN, DISTRIBUCIÓN, ETC. (PIE DE IMPRENTA) |
| Lugar de publicación, distribución, etc |
Madrid |
| Nombre del editor, distribuidor, etc. |
Alfaguara |
| Fecha de publicación, distribución, etc |
1998 |
| 300 ## - DESCRIPCIÓN FÍSICA |
| Extensión |
147 p. : |
| Otros detalles físicos |
il. ; |
| Dimensiones |
20 cm |
| 490 0# - MENCIÓN DE SERIES |
| Mención de serie |
Manolito Gafotas |
| 590 ## - NOTA LOCAL |
| Texto de la nota local |
Inventariado, 2025/VM |
| 650 #4 - ENCABEZAMIENTO DE MATERIA--TEMÁTICO |
| Término temático o nombre geográfico como elemento de entrada |
Novela juvenil española. |
| Fuente del encabezamiento o término |
|
| 650 #4 - ENCABEZAMIENTO DE MATERIA--TEMÁTICO |
| Término temático o nombre geográfico como elemento de entrada |
Viajes |
| Subdivisión de forma |
Cuentos infantiles |
| 651 #4 - ENCABEZAMIENTO DE MATERIA--NOMBRE GEOGRÁFICO |
| Nombre geográfico |
España |
| Subdivisión temática general |
Descripciones y viajes |
| Subdivisión de forma |
Novela juvenil. |
| 700 1# - ASIENTO SECUNDARIO -- NOMBRE PERSONAL |
| Nombre personal |
Urberuaga, Emilio |
| Mención de responsabilidad |
ilustraciones |
| 910 ## - VALIDACIÓN |
| Validación |
VMateo V. Control de calidad BPMSU |
| 942 ## - ADDED ENTRY ELEMENTS (KOHA) |
| Source of classification or shelving scheme |
Dewey Decimal Classification |
| Koha item type |
Libros |